000 00745nam a2200253Ia 4500
003 OSt
005 20220928111643.0
006 a|||||r|||| 00| 0
007 ta
008 220927b |||||||| |||| 00| 0 hin d
020 _cINR 395.00
024 _a142825
037 _b691, 11/03/2020, Nayee Kitab Prakashan
_cTextual
040 _aSDCL
_cSDCL
_bhin
041 _2hin
_ahin
082 _aO152,3M50x, Q9
100 _aAfridi Nafis Ed.
245 0 _aMopasa
_b Chuni hui kahaniyen
260 _aDelhi
_bAnananya Prakashan
_c2019
300 _a9-143p
_ccm.
650 _aHindi
_9391598
942 _hO152,3M50x, Q9
_cTEXL
_2CC
999 _c741286
_d741286